<?xml version="1.0" encoding="UTF-8"?>
<record
    xmlns:xsi="http://www.w3.org/2001/XMLSchema-instance"
    xsi:schemaLocation="http://www.loc.gov/MARC21/slim http://www.loc.gov/standards/marcxml/schema/MARC21slim.xsd"
    xmlns="http://www.loc.gov/MARC21/slim">

  <leader>00499    a2200121   4500</leader>
  <controlfield tag="001">ART_30264</controlfield>
  <controlfield tag="005">20260410161918.0</controlfield>
  <controlfield tag="008">260409a                                 </controlfield>
  <datafield tag="245" ind1="1" ind2="0">
    <subfield code="a">El estado de valor econ&#xF3;mico generado y distribuido: una herramienta de comunicaci&#xF3;n de la responsabilidad social organizacional</subfield>
  </datafield>
  <datafield tag="100" ind1="1" ind2=" ">
    <subfield code="a">Jug&#xF3;n, M&#xF3;nica</subfield>
  </datafield>
  <datafield tag="700" ind1="1" ind2=" ">
    <subfield code="a">Pastor, Sandra</subfield>
  </datafield>
  <datafield tag="773" ind1="0" ind2=" ">
    <subfield code="t">Documentos de trabajo de contabilidad, auditor&#xED;a y responsabilidad social</subfield>
    <subfield code="g">- A&#xF1;o 4, N&#xBA; 7 (jun. 2014)</subfield>
    <subfield code="w">REV14385</subfield>
  </datafield>
  <datafield tag="999" ind1=" " ind2=" ">
    <subfield code="c">27467</subfield>
    <subfield code="d">27467</subfield>
  </datafield>
</record>
